| 000 | 00390nam a2200145Ia 4500 | ||
|---|---|---|---|
| 008 | 210210b1966 xxu||||| |||| 00| 0 eng d | ||
| 082 | _a954.042 KARC | ||
| 100 | _aKARNIK (V B). | ||
| 245 | _aChinese invasion: background and sequel. | ||
| 260 |
_aBombay. _bBharatiya Vidhya Bhavan _c1966 |
||
| 300 | _a280 | ||
| 650 | _aChinese Invasion 1962 | ||
| 690 | _aIndian History | ||
| 906 | _a028776 | ||
| 999 |
_c80012 _d80012 |
||